Covering the real Kunst und Pressebild, von Warhol bis Tillmans : Roy Arden, ... Andy Warhol : [Ausstellung], Kunstmuseum Basel, 01.05. - 21.08.2005
| Main Author: | |
|---|---|
| Other Authors: | , |
| Format: | Book |
| Language: | German English |
| PhysicalDescription: | 373 s. ilustr. (prevažne fareb.) 33 cm |
| Published: |
Köln
DuMont Literatur und Kunst Verlag
2005
|
| ISBN: | 3832175148 3720401561 |
| Subjects: |
MARC
| LEADER | 00000nam a2200000 a 4500 | ||
|---|---|---|---|
| 001 | vtls008703175 | ||
| 003 | SK-MaSNL | ||
| 005 | 20260301080111.0 | ||
| 008 | 180216s2005 gw oa n 000 0 ger | ||
| 015 | |a SNBZSA2006-00206 | ||
| 020 | |a 3832175148 |q (DuMont : brož.) | ||
| 020 | |a 3720401561 |q (Kunstmuseum Basel : brož.) | ||
| 035 | |a 06B4E414-18E9-477D-98A1-D8D219F4F717 | ||
| 035 | |a urn:nbn:sk:snk-amygi5 | ||
| 035 | |a urn:nbn:sk:snk-am00clkg | ||
| 040 | |a SNK |b slo |c SNK |e AACR2 | ||
| 041 | 0 | |a ger |a eng | |
| 044 | |a gw |c DE | ||
| 072 | 7 | |a 77 |x Fotografia |2 konspekt | |
| 080 | |a 77.044 |x (082) |2 2001 | ||
| 080 | |a 75/76 |2 2001 | ||
| 245 | 0 | 0 | |a Covering the real |b Kunst und Pressebild, von Warhol bis Tillmans : Roy Arden, ... Andy Warhol : [Ausstellung], Kunstmuseum Basel, 01.05. - 21.08.2005 |c [Herausgeber Hartwig Fischer ; Texte Yves Michaud ... [et al.] ; Übersetzung ins Engl. Ishbel Flett ...] |
| 246 | 3 | 0 | |a Kunst und Pressebild, von Warhol bis Tillmans |b Covering the Real |
| 246 | 3 | 1 | |a Art and the press picture, from Warhol to Tillmans |b covering the real |
| 260 | |a Köln |b DuMont Literatur und Kunst Verlag |c 2005 | ||
| 300 | |a 373 s. |b ilustr. (prevažne fareb.) |c 33 cm | ||
| 500 | |a Súbež. text angl. | ||
| 504 | |a Bibliogr. s. 370-373 | ||
| 650 | 0 | 7 | |a obrazová publicistika |2 snkbuxs |9 401232 |
| 650 | 0 | 7 | |a výtvarné umenie |2 SNKPH |9 723 |
| 650 | 0 | 7 | |a fotografia |2 SNKPH |9 1694 |
| 655 | 7 | |a štúdie |2 SNKPH |9 57033 | |
| 700 | 1 | |a Fischer, Hartwig |4 edt |9 401233 | |
| 700 | 1 | |a Flett, Ishbel |4 trl |9 401234 | |
| 700 | 1 | |a Michaud, Yves |4 aut |9 401235 | |
| 919 | |a 3-8321-7514-8 | ||
| 919 | |a 3-7204-0156-1 | ||
| 958 | |a OND | ||
| 958 | |a ZS | ||
| 958 | |a NB | ||
| 958 | |a US | ||
| 958 | |a DE | ||
| 958 | |a OP | ||
| 999 | |c 652201 |d 654131 | ||
| 952 | |a SNK |b SNK |y PREZ |7 0 |p 17A0513703 |o snkSB 72550 |i snk2006/13349 |8 2 |g 75.08 |0 0 |1 0 |4 0 |d 2006-05-24 |f 1 |l 0 |r 2025-04-25 00:00:00 |w 2026-02-23 | ||


